• 首页
  • 本馆介绍
  • 公告通知
  • 最新文献
  • 馆藏检索
  • 电子资源
  • 读者导购
  • 参考咨询
  • 我的图书馆
  • 登录
  • 详细信息显示
  • 放入我的书架
  • 预约/预借图书
  • 作者相关作品
  • 分类相关作品
  • 丛书相关作品
  • 出版社相关作品

书目信息

  • 表格格式
  • 工作单格式
  • 卡片格式
题名:
价值学说史
    
 
作者: 何炼成 编
分册:  
出版信息: 西安   陕西人民出版社  1984
页数: 602页
开本: 21cm
丛书名:
单 册:
中图分类: F014.3
科图分类:
主题词: 价值(哲学)--思想史 , 政治经济学--概论
电子资源:
ISBN:
000 00650nam0 2200253 45
001 0184013723
005 20040424094807.5
010    @dCNY2.45
091    @a4094.84
100    @a19950510d1984 emky0chiy0121 ea
101 0  @achi
102    @aCN@b610000
105    @ay z 000yy
106    @ar
200 10 @a价值学说史@Ajia zhi xue shuo shi@f何炼成编
210    @a西安@c陕西人民出版社@d1984
215    @a602页@d21cm
606    @a价值(哲学)@x思想史
606 0  @a政治经济学@x概论
690    @aF014.3
701  0 @a何炼成@Ahe lian cheng@4编
801  0 @aCN@b上海图书馆@c20040424
801  2 @aCN@bNLC@c20040424
905    @f1@b110855@dF014.3@e53
    
    价值学说史/何炼成编.-西安:陕西人民出版社,1984
    602页;21cm
    
    
    ISBN :CNY2.45
    
●
相关链接 在E读中查询图书 在五车中查询图书 在当当中查询图书 在豆瓣中查询图书


正题名:价值学说史     索取号:F014.3/53         预约/预借

序号 登录号 条形码 馆藏地/架位号 状态 备注
1 0110855   001266757   第一借阅区/ [索取号:F014.3/53] 在馆    
2 0110856   001266748   第一样本阅览室/ [索取号:F014.3/53] 在馆    
唐山师范学院图书馆 欢迎您!
大连网信软件有限公司© 版权所有